Bilecik Bilecik Bilecik Bilecik Bilecik

8'inci alışkanlık : (Record no. 18248)

MARC details
000 -BAŞLIK
Sabit Uzunluktaki Kontrol Alanı 01638nam a22004937a 4500
001 - KONTROL NUMARASI
Control Dosyası 0018291
003 - KONTROL NUMARASI KİMLİĞİ
Kontrol Alanı KOHA_MİRAKIL
005 - EN SON İŞLEM TARİHİ ve ZAMANI
Kontrol Alanı 20260207002207.0
007 - FİZİKSEL TANIM SABİT ALAN - GENEL BİLGİ
Sabit uzunluklu kontrol alanı ta
008 - SABİT UZUNLUKTAKİ VERİ ÖGELERİ - GENEL BİLGİ
Sabit Alan 121017b2005 tu a|||gr||||#||||0|tur |
020 ## - ISBN - ULUSLARARASI STANDART KİTAP NUMARASI
Isbn 9753223722
040 ## - KATALOGLAMA KAYNAĞI
Özgün Kataloglama Kurumu TR-BiSEU
Kataloglama Dili tur
Çeviri Kurumu TR-BiSEU
Açıklama Kuralları rda
041 0# - DİL KODU
Metin ya da ses kaydının dil kodu tur
044 ## - YAYINLAYAN/ÜRETEN KURULUŞUN ÜLKE KODU
ISO country code tu
050 ## - SINIFLAMA ve YER NUMARASI
Sınıflama Numarası BF637
Yer Numarası .C68 2005
100 1# - KİŞİ ADI
Yazar Adı (Kişi adı) Covey, Stephen R..
240 10 - TEK BİÇİM BAŞLIK
Tekbiçim Başlık <a href="the 8th habit : from effectiveness to greatness">the 8th habit : from effectiveness to greatness</a>
Language of a work Türkçe
245 1# - ESER ADI BİLDİRİMİ
Başlık 8'inci alışkanlık :
Alt Eseradı vb. Bütünlüğe doğru =
-- the 8th habit :
-- from effectiveness to greatness/
Sorumluluk Bildirimi Stephen R. Covey ; Stephen R. Covey; çev. Sezer Soner, Çağlayan Erendağ.
264 #1 - ÜRERİM, YAYIN, DAĞITIM ve TELİF BİLDİRİMİ
Yayın yeri İstanbul :
Yayınlayan Sistem
Yayın tarihi 2005
300 ## - FİZİKSEL TANIMLAMA
Sayfa, Cilt vb. x, 434 sayfa :
Diğer fiziki detaylar res. ;
Boyutları 20 cm.
336 ## - İÇERİK TÜRÜ
Content type term metin
Content type code txt
Source rdacontent
337 ## - MEDYA TÜRÜ
Media type term aracısız
Media type code n
Source rdamedia
338 ## - TAŞIYICI TÜRÜ
Carrier type term cilt
Carrier type code nc
Source rdacarrier
490 1# - DİZİ BİLDİRİMİ
Dizi Bildirimi Sistem Yayıncılık ;
Cilt Numarası 472.
490 1# - DİZİ BİLDİRİMİ
Dizi Bildirimi Kişisel gelişim dizisi.
500 ## - GENEL NOT
Genel Not Kaynakça ve dizin var.
650 #0 - KONU BAŞLIĞI EK GİRİŞ - KONU TERİMİ
Konusal terim veya coğrafi ad Self-actualization (Psychology).
9 (RLIN) 22825
650 #0 - KONU BAŞLIĞI EK GİRİŞ - KONU TERİMİ
Konusal terim veya coğrafi ad Success.
9 (RLIN) 4756
650 #0 - KONU BAŞLIĞI EK GİRİŞ - KONU TERİMİ
Konusal terim veya coğrafi ad Satisfaction.
9 (RLIN) 42211
650 #0 - KONU BAŞLIĞI EK GİRİŞ - KONU TERİMİ
Konusal terim veya coğrafi ad Vocation.
9 (RLIN) 42212
650 #0 - KONU BAŞLIĞI EK GİRİŞ - KONU TERİMİ
Konusal terim veya coğrafi ad Achievement.
9 (RLIN) 42213
650 #0 - KONU BAŞLIĞI EK GİRİŞ - KONU TERİMİ
Konusal terim veya coğrafi ad Personal satisfaction.
9 (RLIN) 42214
650 #0 - KONU BAŞLIĞI EK GİRİŞ - KONU TERİMİ
Konusal terim veya coğrafi ad Self concept.
9 (RLIN) 42215
650 #0 - KONU BAŞLIĞI EK GİRİŞ - KONU TERİMİ
Konusal terim veya coğrafi ad Özyapabilirlik (Psikoloji).
9 (RLIN) 32355
650 #0 - KONU BAŞLIĞI EK GİRİŞ - KONU TERİMİ
Konusal terim veya coğrafi ad Başarı.
9 (RLIN) 4753
650 #0 - KONU BAŞLIĞI EK GİRİŞ - KONU TERİMİ
Konusal terim veya coğrafi ad Tatmin.
9 (RLIN) 42216
650 #0 - KONU BAŞLIĞI EK GİRİŞ - KONU TERİMİ
Konusal terim veya coğrafi ad Meslek.
9 (RLIN) 42217
650 #0 - KONU BAŞLIĞI EK GİRİŞ - KONU TERİMİ
Konusal terim veya coğrafi ad Başarma.
9 (RLIN) 42218
650 #0 - KONU BAŞLIĞI EK GİRİŞ - KONU TERİMİ
Konusal terim veya coğrafi ad Kişisel memnuniyet.
9 (RLIN) 42219
650 #0 - KONU BAŞLIĞI EK GİRİŞ - KONU TERİMİ
Konusal terim veya coğrafi ad Özfikir.
9 (RLIN) 42220
830 1# - SERİ EK GİRİŞİ - TEKBİÇİM ESER ADI
Tekbiçim Başlık Sistem Yayıncılık ;
Volume number/sequential designation 472.
9 (RLIN) 8096
830 1# - SERİ EK GİRİŞİ - TEKBİÇİM ESER ADI
Tekbiçim Başlık Kişisel gelişim dizisi.
9 (RLIN) 7417
942 ## - EK GİRİŞ ÖGELERİ (KOHA)
Source of classification or shelving scheme Library of Congress Classification
Koha item type Book
Holdings
Materyal Türü Kalıcı Konum Mevcut Konum Sınıflandırma Kaynağı Edinim Bilgisi Ana Konular Alt Konular Yer Numarası Demirbaş Numarası Fatura Tarihi Maliyet, Alış Fiyatı Maliyet, Yenileme Fiyatı Geri Çekilme Durumu Kayıp Durumu Hasarlı Durumu Kredi için değil Kayıt Tarih Toplam Ödünçverme Son Görülme Tarihi Son Kontrol Tarihi Genel / Bağış Notu Raf Yeri
Book BŞEÜ Gölpazarı MYO Kütüphanesi BŞEÜ Gölpazarı MYO Kütüphanesi Library of Congress Classification Bağış FELSEFE, PSİKOLOJİ, DİN Psikoloji BF637 .C69 2005 0018291 02/02/2026 14.00 14.00         30/06/2010   05/12/2024 05/12/2024 Genel Bağış  
Book Prof. Dr. Azmi Özcan Kütüphanesi Prof. Dr. Azmi Özcan Kütüphanesi Library of Congress Classification Bağış FELSEFE, PSİKOLOJİ, DİN Psikoloji BF637 .C68 2005 0038820 02/02/2026 14.00 14.00         17/10/2012 4 05/12/2024 05/12/2024 Galatasaray Üniversitesi Uluğbey Salonu